1654 1013 1714 1856 1558 1492 1167 1779 1601 1674 1613 1744 1883 1932 1730 1768 1694 1509 1926 1173 1205 1178 1549 1656 1701 1437 1098 1500 1354 1571 1698 1467 1119 1798 1340 1529 1637 1918 1665 1334 1903 1680 1952 1983 1612 1390 1891 1700 1833 1054 1469 1718 1291 1291 1208 1323 1396 1112 1183 1654 1648 1103 1900 1548 1302 1905 1186 1877 1257 1435 1794 1576 1761 1537 1783 1739 1233 1969 1646 1866 1119 1719 1392 1784 1764 1113 1976 1747 1378 1680 1474 1592 1260 1841 1077 1854 1476 1502 1168 BCNSPRNW ULIB Ver.6.0+V

เปลี่ยนเป็นภาษาไทย

Change to English
 แสดงรายละเอียดบรรณานุกรม
  กลับหน้าหลัก

Brief Record : Get Marc (ISO 2709) : E-mail record : QR code < ปิดหน้าต่าง
LEADER : 00000nam 2200000uu 4500
001    13399122099
003     ULIB
008    020711s2551 th a 000 0 tha d
020    9789740667834
060    WI250^bพ425ส
100    พริมรตา เดชอุดม
245    Bye Bye Gerd โรคกรดไหลย้อน/^cพริมรตา เดชอุดม
260    กรุงเทพฯ :^bอมริทร์บุ๊คเซ็นเตอร์,^c2551
300    79 หน้า
650    กรดไหลย้อน
945    ^p140^l0^i15424
945    ^p140^l0^i15423
999    ^aทศพร เกษรทอง
รายการนี้ยังไม่มีแท็ก
คุณยังไม่ได้ล็อกอิน คุณสามารถมีกิจกรรมร่วมกับเว็บไซต์ได้ แต่ต้องล็อกอินก่อน ::
  ล็อกอิน

รายการสื่อสารสนเทศ

ลำดับที่ ประเภท เลขเรียก/บาร์โค้ด สถานที่ สถานะ
1. วิทยาศาสตร์การแพทย์ และสุขภาพ
วิทยาศาสตร์การแพทย์ และสุขภาพ
WI250 พ425ส ฉ.1 
  Barcode: 15423
ห้องสมุดวิทยาเขตนครสวรรค์
►ส่วนจัดเก็บหนังสือเก่า นว.
บนชั้น
  ขอยืม
2. วิทยาศาสตร์การแพทย์ และสุขภาพ
วิทยาศาสตร์การแพทย์ และสุขภาพ
WI250 พ425ส ฉ.2 
  Barcode: 15424
ห้องสมุดวิทยาเขตสวรรค์ประชารักษ์
►ส่วนจัดเก็บหนังสือเก่า สปร
บนชั้น
  ขอยืม

รายการใกล้เคียง
    ผู้แต่ง [พริมรตา เดชอุดม]

    หัวเรื่อง [กรดไหลย้อน]

BibComment


ยังไม่เคยถูกคอมเมนท์

คอมเมนท์ทรัพยากรรายการนี้
  คอมเมนท์: Bye Bye Gerd โรคก..


 Copyright 2026. Bcnsprnw @Library